Statistics for Dead Rising 2 and Off The Record Bosses and Psychopaths

Click here to take the quiz!

General Stats

  • This quiz has been taken 69 times
  • The average score is 14 of 26

Answer Stats

GameMission nameGenderAnswer% Correct
BothEveryone Knows SlappyMaleBrent "Slappy" Ernst
95%
OTRPeople Like UsMaleChuck Greene
82%
BothOVERTIMEMaleTyrone "TK" King
79%
BothFresh MeatFemaleSnowflake
77%
DR2Meet the ContestantsMaleLeon Bell
74%
BothHere Comes the GroomMaleRandy Tugman
74%
DR2THE FACTSMaleRaymond Sullivan
72%
BothCase 4-1: The Source/Case 5-3: Two Girls, One ClubFemaleAmber Bailey
67%
BothChuck the Role Model/Case 2-2: A Familiar FaceMaleBrandon Whittaker
67%
BothFresh MeatMaleTheodore Smith
67%
BothTastes Like ChickenMaleAntoine Thomas
62%
BothCase 4-1: The Source/Case 5-3: Two Girls, One ClubFemaleCrystal Bailey
62%
BothWorld's Most Dangerous TrickMaleRoger Withers
59%
OTRTHE FACTSFemaleStacey Forsythe
59%
OTRSnow JobMaleEvan MacIntyre
54%
BothWorld's Most Dangerous TrickMaleReed Wallbeck
51%
BothMail Order ZombrexMaleCarl Schliff
49%
BothCase 6-2: Last Stand/Case 7-2: The Last StandMaleSgt. Dwight Boykin
46%
BothOne Hit WonderFemaleBibi Love
44%
BothWWJWD?MaleSeymour Redding
41%
BothMilitia MenMale"Big" Earl Flaherty
33%
BothMilitia MenMaleDeetz Hartman
28%
BothMilitia MenMaleJohnny James
28%
BothMilitia MenMaleDerrick Duggan
26%
BothCase 7-2/Case 8-2: The Only LeadMaleMark Bradson
23%
BothCase 7-2/Case 8-2: The Only LeadMalePearce Stephens
21%

Score Distribution

Percentile by Number Answered

Percent of People with Each Score

Your Score History

You have not taken this quiz